Представление документа в формате RUSMARC

ПолеНазваниеЗначение
  Тип записи a
  Библиографический уровень m
001 Контрольный номер 8b2351c8a8c348788c19cb23c9795fde
005 Дата корректировки 20161110145521.0
010 Индекс ISBN __
a ISBN 978-5-393-00810-0
200 Заглавие и сведения об ответственности 1_
a Заглавие Международное публичное право
b Общее обозначение материала Текст
e Сведения, относящиеся к заглавию учебник
f Первые сведения об ответственности отв. ред. К. А. Бекяшев
205 Сведения об издании __
a Основные сведения об издании 5-е изд., перераб. и доп.
210 Выходные данные 1_
a Место издания М.
c Издательство Проспект
d Дата издания 2010
215 Физическое описание __
a Объем 1008 с.
330 Аннотация __
a Аннотация В учебнике освещены понятия, предмет, система, принципы и источники международного публичного права.
606 Тематические рубрики __
a Основная рубрика Международное право (международное публичное право)
610 Ключевые слова 0_
a Ключевые слова международное процессуальное право
a Ключевые слова международное уголовное право
a Ключевые слова международное трудовое право
a Ключевые слова международное публичное право
a Ключевые слова история международного права
a Ключевые слова принципы международного права
a Ключевые слова ответственность в международном праве
a Ключевые слова право международной безопасности;
686 Индексы других классификаций __
a Классификационный индекс 67.91
2 Код системы rubbk
852 Данные о местонахождении __
i Авторский знак М 43
j Шифр хранения 67.9
938 Служебная информация __
a Название организации Волгоградский филиал
b Имя БД Каталог_ВКИ
c Название АИБС АИБС МАРК-SQL